| 000 | 01317cad a22002655a 4500 | ||
|---|---|---|---|
| 001 | L157869 | ||
| 008 | 071204e20080117xxk f 000 0 eng d | ||
| 020 | _a9781842193723 | ||
| 035 | _a(Sirsi) u157869 | ||
| 041 | 0 | _aeng | |
| 050 | 0 | 4 | _a346.4104342 $2 18 |
| 110 | 2 |
_aRoyal Institution of Chartered Surveyors _94900 |
|
| 245 | 0 | 0 |
_aService charges in commercial property (Northern Ireland edition) _bRICS code of practice |
| 260 |
_aLondon _bRICS _c2008 |
||
| 490 | 0 | _aRICS Code of Practice | |
| 490 | 0 | _aRICS Guidance Note | |
| 505 | 2 | _aTerminology used in the code -- Introduction -- The code -- Technical support -- Appendices | |
| 520 | _aThe code for surveyors practising in Northern Ireland sets out best practice for commercial service charges. Aims to remove service charges as an area of conflict, delivering a budgetable and forecastable part of occupiers' overheads, ensure service charges that are "not for profit, not for loss", and encourage transparency and communication. | ||
| 521 | 2 | _aAdvanced | |
| 590 | _aKA | ||
| 651 | 4 |
_aNorthern Ireland _y2007- |
|
| 690 | _aPROPERTY-COMMERCIAL PROPERTY-COMMERCIAL PROPERTY MANAGEMENT | ||
| 856 | 4 | 0 |
_uhttps://www.isurv.com/downloads/download/192/service_charges_in_commercial_property _zArchived on isurv (subscription required) |
| 942 |
_n0 _2ddc |
||
| 999 |
_c115006 _d115006 |
||